<?xml version="1.0" encoding="UTF-8"?>
<record
    xmlns:xsi="http://www.w3.org/2001/XMLSchema-instance"
    xsi:schemaLocation="http://www.loc.gov/MARC21/slim http://www.loc.gov/standards/marcxml/schema/MARC21slim.xsd"
    xmlns="http://www.loc.gov/MARC21/slim">

  <leader>05750nab a22010457  4500</leader>
  <controlfield tag="003">AR-RoUNA</controlfield>
  <datafield tag="022" ind1=" " ind2=" ">
    <subfield code="a">0327-9022</subfield>
  </datafield>
  <datafield tag="040" ind1=" " ind2=" ">
    <subfield code="a">AR-RoUNA</subfield>
    <subfield code="b">spa</subfield>
  </datafield>
  <datafield tag="041" ind1=" " ind2=" ">
    <subfield code="a">spa</subfield>
  </datafield>
  <datafield tag="044" ind1=" " ind2=" ">
    <subfield code="a">ag</subfield>
  </datafield>
  <datafield tag="245" ind1=" " ind2=" ">
    <subfield code="a">Summa+</subfield>
    <subfield code="b">Detalles 2</subfield>
  </datafield>
  <datafield tag="260" ind1=" " ind2=" ">
    <subfield code="a">Buenos Aires (Argentina):</subfield>
    <subfield code="c">Donn SA,</subfield>
    <subfield code="b">1993.</subfield>
  </datafield>
  <datafield tag="300" ind1=" " ind2=" ">
    <subfield code="a">244 p. :</subfield>
    <subfield code="b">il. byn.</subfield>
    <subfield code="b">planos</subfield>
    <subfield code="c">34X25 cm.</subfield>
  </datafield>
  <datafield tag="505" ind1="0" ind2=" ">
    <subfield code="t">INDICE</subfield>
  </datafield>
  <datafield tag="505" ind1="0" ind2=" ">
    <subfield code="t">ENTREVISTA - JULI CAPELLA</subfield>
  </datafield>
  <datafield tag="505" ind1="0" ind2=" ">
    <subfield code="a">Cayetana Merc&#xE9; / &#xA8;Lo normal es ser diferente&#xA8;. p. 90</subfield>
  </datafield>
  <datafield tag="505" ind1="0" ind2=" ">
    <subfield code="a">Juli Capella / Hotel Omm, Ensanche de Barcelona, Espa&#xF1;a, 1998-2000. p. 94</subfield>
  </datafield>
  <datafield tag="505" ind1="0" ind2=" ">
    <subfield code="a">Capella-Garcia Arquitectura S.. / Hotel Diagonal Barcelona, Barcelona, Espa&#xF1;a, 2002-2004. p. 98</subfield>
  </datafield>
  <datafield tag="505" ind1="0" ind2=" ">
    <subfield code="t">HOTELES - MEDIANERAS CONTEXTUALES</subfield>
  </datafield>
  <datafield tag="505" ind1="0" ind2=" ">
    <subfield code="a">ADD+ Arquitectura, Manuel Bailo y Rosa Rull / Hotel Ciutat Igualada, Barcelona, Espa&#xF1;a, 2003. p. 106</subfield>
  </datafield>
  <datafield tag="505" ind1="0" ind2=" ">
    <subfield code="t">HOLANDA - RESTAURACIONES PARA NUEVOS HU&#xC9;SPEDES</subfield>
  </datafield>
  <datafield tag="505" ind1="0" ind2=" ">
    <subfield code="a">MVRDV (Winy Maas, Jacob Van Rus and Nathalie de Vries) / Lloyd Hotel, Amsterdam, Holanda, 2004. p. 112</subfield>
  </datafield>
  <datafield tag="505" ind1="0" ind2=" ">
    <subfield code="a">Silvia Le&#xE4;o / La obra hotelera de Oscar Niemeyer. p. 118</subfield>
  </datafield>
  <datafield tag="505" ind1="0" ind2=" ">
    <subfield code="a">Oscar Niemeyer / Hotel en Ouro Peto, Brasil. 1940. p. 121</subfield>
  </datafield>
  <datafield tag="505" ind1="0" ind2=" ">
    <subfield code="a">Oscar Niemeyer / Hotel en Pampulha, Belo Horizonte, 1943. p. 122</subfield>
  </datafield>
  <datafield tag="505" ind1="0" ind2=" ">
    <subfield code="a">Oscar Niemeyer / Hotel Quitandinha, Pr&#xF3;polis-RJ, 1951. p. 123</subfield>
  </datafield>
  <datafield tag="505" ind1="0" ind2=" ">
    <subfield code="a">Oscar Niemeyer / Edificio Copan, San Pablo, Brasil, 1951. p. 125</subfield>
  </datafield>
  <datafield tag="505" ind1="0" ind2=" ">
    <subfield code="a">Oscar Niemeyer / Hotel Nacional. R&#xED;o Praia da G&#xE1;vea, R&#xED;o de Janeiro, Brasil, 1970. p. 125</subfield>
  </datafield>
  <datafield tag="505" ind1="0" ind2=" ">
    <subfield code="a">Estudio Mariani-P&#xE9;rez Maraviglia / Hotel Elegance Tandil, provincia de Buenos Aires, 2005. p. 126</subfield>
  </datafield>
  <datafield tag="505" ind1="0" ind2=" ">
    <subfield code="t">TURISMO, TRABAJO Y HABITACION - BUENOS AIRES</subfield>
  </datafield>
  <datafield tag="505" ind1="0" ind2=" ">
    <subfield code="a">Dujovne-Hirsch &amp; Asociados y otros /  Hotel Madero by Sofitel, Conjunto Brisas del Puerto, Buenos Aires, 2003. p.132</subfield>
  </datafield>
  <datafield tag="505" ind1="0" ind2=" ">
    <subfield code="a">Abulafia - Figoni Prado Arqs. / Dise&#xF1;o interior Hotel Madero by Sofitel, 2004, Buenos Aires. p.134</subfield>
  </datafield>
  <datafield tag="505" ind1="0" ind2=" ">
    <subfield code="t">HOTEL CENTRICO</subfield>
  </datafield>
  <datafield tag="505" ind1="0" ind2=" ">
    <subfield code="a">ACF Ar&#xF3;stegui-Camblong-Falconi arq. del Puerto-Sardin arqs. / Vista Sol Buenos Aires, Design Hotel, 2004. p.138</subfield>
  </datafield>
  <datafield tag="505" ind1="0" ind2=" ">
    <subfield code="t">DEL PHOENIX, EL ESPLENDOR</subfield>
  </datafield>
  <datafield tag="505" ind1="0" ind2=" ">
    <subfield code="a">PLAN (Mauro Bernardini y Cecilia Timossi, arqs) y Estudio 8Q Arquitectos / Hotel Esplendor, Buenos Aires. p. 144</subfield>
  </datafield>
  <datafield tag="505" ind1="0" ind2=" ">
    <subfield code="a">Florencia Rodr&#xED;guez / Destino Buenos Aires: hoteles del fin del mundo. p. 148</subfield>
  </datafield>
  <datafield tag="505" ind1="0" ind2=" ">
    <subfield code="a">Diego Schmukler / Tierras bajas, ideas altas. p.152</subfield>
  </datafield>
  <datafield tag="505" ind1="0" ind2=" ">
    <subfield code="a">Florencia Rodr&#xED;guez / J&#xF3;venes en el Marq. p. 156</subfield>
  </datafield>
  <datafield tag="505" ind1="0" ind2=" ">
    <subfield code="a">Claudio Robles / La mirada de los curadores. p.163</subfield>
  </datafield>
  <datafield tag="505" ind1="0" ind2=" ">
    <subfield code="a">Ricardo Flores y Eva Prats / A trav&#xE9;s de la tela. p.164</subfield>
  </datafield>
  <datafield tag="505" ind1="0" ind2=" ">
    <subfield code="t">EN MEMORIA DE RA&#xDA;L LIER - DISQUISICIONES</subfield>
  </datafield>
  <datafield tag="505" ind1="0" ind2=" ">
    <subfield code="a">Rafael E. J. Iglesia / Barzoneando. p. 170</subfield>
  </datafield>
  <datafield tag="505" ind1="0" ind2=" ">
    <subfield code="a">Roberto Fern&#xE1;ndez / Aventura de la forma: memoria de Miralles. p.172</subfield>
  </datafield>
  <datafield tag="505" ind1="0" ind2=" ">
    <subfield code="a">Enric Miralles y Benedetta Tagliabue / Restauraci&#xF3;n del Mercado de Santa Catalina, 2005. .p. 172</subfield>
  </datafield>
  <datafield tag="505" ind1="0" ind2=" ">
    <subfield code="a">Mario Sabugo / Es un buen n&#xFA;mero el tres (Triquetra). p. 174</subfield>
  </datafield>
  <datafield tag="505" ind1="0" ind2=" ">
    <subfield code="a">Nelson Inda / XI Seminario de arquitectura latinoamericana. p. 176</subfield>
  </datafield>
  <datafield tag="505" ind1="0" ind2=" ">
    <subfield code="t">SUMMA+ DETALLES 2 </subfield>
  </datafield>
  <datafield tag="505" ind1="0" ind2=" ">
    <subfield code="a">Fernando D&#xED;ez / Vivienda: Detalle y tipolog&#xED;a. p. 178</subfield>
  </datafield>
  <datafield tag="505" ind1="0" ind2=" ">
    <subfield code="a">Dujovne-Hirsch y Asociados / Torres El Faro, Dique 4, lado este de Puerto Madero. p.180</subfield>
  </datafield>
  <datafield tag="505" ind1="0" ind2=" ">
    <subfield code="a">Estudio Aisenson / Torres Le Pac  Puerto Madero, Buenos Aires. p. 188</subfield>
  </datafield>
  <datafield tag="505" ind1="0" ind2=" ">
    <subfield code="a">Camps &amp; Tiscornia arq. / Quartier Ocampo, Buenos Aires. p. 194</subfield>
  </datafield>
  <datafield tag="505" ind1="0" ind2=" ">
    <subfield code="a">Camps &amp; Tiscornia arqs / River View, Puerto Madero, Buenos Aires. p. 200</subfield>
  </datafield>
  <datafield tag="505" ind1="0" ind2=" ">
    <subfield code="a">Lier y Tonconogy arq., G y D Developers / Edificio Esmeralda 960 Buenos Aires. p. 206</subfield>
  </datafield>
  <datafield tag="505" ind1="0" ind2=" ">
    <subfield code="a">Parysow arq., Roberto Parysow, arq. Jessica Parysow y Emilio Schargrodsky / Torre Uni&#xF3;n, Buenos Aires. p. 214</subfield>
  </datafield>
  <datafield tag="505" ind1="0" ind2=" ">
    <subfield code="a">Fernando Diez / Los arquitectos tras las grandes torres. p. 220</subfield>
  </datafield>
  <datafield tag="505" ind1="0" ind2=" ">
    <subfield code="a">Tom&#xE1;s Powell / Resoluciones Comparadas</subfield>
  </datafield>
  <datafield tag="505" ind1="0" ind2=" ">
    <subfield code="t">N&#xDA;CLEO DE CIRCULACI&#xD3;N VERTICAL

</subfield>
  </datafield>
  <datafield tag="505" ind1="0" ind2=" ">
    <subfield code="a">Estudio Dujovne-Hirsch y asoc. / Torres El Faro. p. 230</subfield>
  </datafield>
  <datafield tag="505" ind1="0" ind2=" ">
    <subfield code="a">Estudio Aisenson / Torres Le Parc Puerto Madero. p. 232</subfield>
  </datafield>
  <datafield tag="505" ind1="0" ind2=" ">
    <subfield code="a">Camps &amp; Tiscornia arqs. / Quartier Ocampo. p. 234</subfield>
  </datafield>
  <datafield tag="505" ind1="0" ind2=" ">
    <subfield code="a">Camps &amp; Tiscornia arqs. / River View. p. 236</subfield>
  </datafield>
  <datafield tag="505" ind1="0" ind2=" ">
    <subfield code="a">Lier y Tonconogy / Edificio Esmeralda. p. 238</subfield>
  </datafield>
  <datafield tag="505" ind1="0" ind2=" ">
    <subfield code="a">Parysow arqs. / Torre Uni&#xF3;n. p. 240</subfield>
  </datafield>
  <datafield tag="505" ind1="0" ind2=" ">
    <subfield code="t">NUEVOS EMPRENDIMIENTOS</subfield>
  </datafield>
  <datafield tag="505" ind1="0" ind2=" ">
    <subfield code="a">M/S/G/S/S/S Manteola-S&#xE1;nchez G&#xF3;mez-Santos-Solsona-Sallaberry arqs. / Torre Mulieris, Puerto Madero. p. 242</subfield>
  </datafield>
  <datafield tag="505" ind1="0" ind2=" ">
    <subfield code="a">Urgell - Penedo - Urgell / Torre Mirador de Puerto Madero, Dique 3, Puerto Madero, Buenos Aires. p. 242</subfield>
  </datafield>
  <datafield tag="505" ind1="0" ind2=" ">
    <subfield code="a">Waisman-Trybiarz arquitectos / Torre de viviendas Las Barracas. p. 243</subfield>
  </datafield>
  <datafield tag="505" ind1="0" ind2=" ">
    <subfield code="a">Esses-Naistat arqs. y Arostegui-Camblong -Falconi arqs. / Mirabilia Palermo, Buenos Aires. p. 243</subfield>
  </datafield>
  <datafield tag="505" ind1="0" ind2=" ">
    <subfield code="t">VIVIENDA SINGULAR</subfield>
  </datafield>
  <datafield tag="505" ind1="0" ind2=" ">
    <subfield code="a">Dietier - J. Mehlhor / Atlas de plantas de viviendas, casos singulares. p. 244</subfield>
  </datafield>
  <datafield tag="600" ind1="1" ind2="0">
    <subfield code="9">27248</subfield>
    <subfield code="a">Capella, Juli</subfield>
  </datafield>
  <datafield tag="600" ind1=" " ind2="0">
    <subfield code="9">12746</subfield>
    <subfield code="a">Dujovne, Berardo</subfield>
  </datafield>
  <datafield tag="600" ind1="1" ind2="0">
    <subfield code="9">27288</subfield>
    <subfield code="a">Hirsch, Silvia</subfield>
  </datafield>
  <datafield tag="600" ind1="1" ind2="0">
    <subfield code="9">27289</subfield>
    <subfield code="a">Dujovne, Maria</subfield>
  </datafield>
  <datafield tag="600" ind1="1" ind2="0">
    <subfield code="9">27291</subfield>
    <subfield code="a">Abulafia, Graciela  </subfield>
  </datafield>
  <datafield tag="600" ind1="1" ind2="0">
    <subfield code="9">27290</subfield>
    <subfield code="a"> Figoni Prado, Sandra</subfield>
  </datafield>
  <datafield tag="600" ind1=" " ind2="0">
    <subfield code="a">Niemeyer, Oscar,</subfield>
    <subfield code="d">1907-2012</subfield>
    <subfield code="9">3376</subfield>
  </datafield>
  <datafield tag="600" ind1="1" ind2="0">
    <subfield code="9">27292</subfield>
    <subfield code="a">Pezzani, Guillermo</subfield>
  </datafield>
  <datafield tag="600" ind1="1" ind2="0">
    <subfield code="9">24270</subfield>
    <subfield code="a">Lier, Ra&#xFA;l</subfield>
    <subfield code="d">1944-2005</subfield>
  </datafield>
  <datafield tag="650" ind1=" " ind2=" ">
    <subfield code="a">Arquitectura contempor&#xE1;nea</subfield>
  </datafield>
  <datafield tag="650" ind1=" " ind2=" ">
    <subfield code="a">Hoteles</subfield>
    <subfield code="9">746</subfield>
  </datafield>
  <datafield tag="650" ind1=" " ind2=" ">
    <subfield code="a">Detalles constructivos</subfield>
    <subfield code="9">728</subfield>
  </datafield>
  <datafield tag="651" ind1=" " ind2="0">
    <subfield code="9">193</subfield>
    <subfield code="a">Buenos Aires (Argentina)</subfield>
  </datafield>
  <datafield tag="773" ind1="0" ind2=" ">
    <subfield code="a">Summa+</subfield>
    <subfield code="d">Buenos Aires, Argentina</subfield>
    <subfield code="g">N&#xBA;77 (dic-2005), p.244</subfield>
    <subfield code="x">0327-9022</subfield>
  </datafield>
  <datafield tag="908" ind1=" " ind2=" ">
    <subfield code="a">Imp</subfield>
  </datafield>
  <datafield tag="942" ind1=" " ind2=" ">
    <subfield code="2">udc</subfield>
    <subfield code="c">ART</subfield>
  </datafield>
  <datafield tag="945" ind1=" " ind2=" ">
    <subfield code="d">2022-07-08</subfield>
  </datafield>
  <datafield tag="980" ind1=" " ind2=" ">
    <subfield code="6">138</subfield>
    <subfield code="a">Carolina Rainero</subfield>
    <subfield code="8">5</subfield>
    <subfield code="g">Mar&#xED;a Machado</subfield>
  </datafield>
  <datafield tag="999" ind1=" " ind2=" ">
    <subfield code="c">12032</subfield>
    <subfield code="d">12032</subfield>
  </datafield>
  <datafield tag="952" ind1=" " ind2=" ">
    <subfield code="0">0</subfield>
    <subfield code="1">0</subfield>
    <subfield code="2">udc</subfield>
    <subfield code="4">0</subfield>
    <subfield code="7">0</subfield>
    <subfield code="a">AR-RoUNA</subfield>
    <subfield code="b">AR-RoUNA</subfield>
    <subfield code="c">Heme</subfield>
    <subfield code="d">2025-06-25</subfield>
    <subfield code="e">Don</subfield>
    <subfield code="l">1</subfield>
    <subfield code="p">1002695</subfield>
    <subfield code="r">2025-09-19</subfield>
    <subfield code="s">2025-09-16</subfield>
    <subfield code="t">ej. 1</subfield>
    <subfield code="w">2025-06-25</subfield>
    <subfield code="y">ART</subfield>
    <subfield code="k">K6</subfield>
    <subfield code="x"></subfield>
  </datafield>
</record>
